000 01147njm a22002657a 4500
005 2010090106166.0
007 sd ammalaaahaa
008 100901t xxu||||| |||| 00| 0 hind
028 _aN. 50911
_bHis Master's Voice
028 _aOJW. 2617
_bHis Master's Voice
028 _aOJW. 2622
_bHis Master's Voice
035 _aGR-175
040 _aSED/VEN
100 _aMangeshkar, Lata
_91184
245 _aUran Khatola :
_bhindustani /
_cby Lata Mangeshkar & Chorus; music by Naushad; lyric by Shakeel Badayuni
_h[sound recording]
246 _aउरण खटोला
260 _aDum Dum, India
_bHis Master's Voice
300 _a1 sound disc [Gramophone recording]
_banalog, 33. 1/3 rpm
_c10 in
_fGramophone recording
500 _aBrief record
505 _aMore Seaiyaji Utrenge Paar Ho(Lata Mangeshkar)मोरे सैइयाजी उतरेंगे पार हो, Mera Salam Leja(Chorus) मेरा सलाम लेजा
650 _aClassical Music
_xExcerpts
_zIndia
_917965
700 _aChorus
_917966
942 _2ddc
_cGR
999 _c43424
_d43424